000 00928nam a2200253Ia 4500
008 100315s9999 xx 000 0 und d
020 _a0-13-359316-9 
040 _cENGLISH 
082 _b3229 
_a658.8342 
100 _a"EAST , ROBERT "
245 _aCONSUMER BEHAVIOUR : ADVANCES & APPLICATIONS IN MARKETING.
250 _a1st 
260 _aLondon 
_bPrentice - Hall  
_c1997 
300 _a"XXII,356P  "
365 _eRupees 
_d
_b854.25 
366 _f15 
505 _gDBH 
530 _bPRAKASH PUNJABI 2081/11-01-1999 
_a2081/11-01-1999 
620 _a"CNSUMER PATTERNS ,STATIONARY MARKETS,REASONS FOR PURCHASE , MECANISMS IN CHOICE & CONSUMPTION , RESPONCE TO ADVERTISING , RESERCH,, "
630 _aCONSUMER BEHAVIOUR : ADVANCES & APPLICATIONS IN MARKETING.
650 _aConsumer Behavior 
730 _aCONSUMER BEHAVIOUR : ADVANCES & APPLICATIONS IN MARKETING.
942 _cBOOK
999 _c477964
_d477961